Mennonites in history. (Record no. 13979)

000 -LEADER
fixed length control field 00546nam a2200181 a 4500
001 - CONTROL NUMBER
control field :::00011803$&:&@@
003 - CONTROL NUMBER IDENTIFIER
control field OkBaRHE
005 - DATE AND TIME OF LATEST TRANSACTION
control field 20000607103413.0
008 - FIXED-LENGTH DATA ELEMENTS--GENERAL INFORMATION
fixed length control field s1907 j 000 0 eng u
040 ## - CATALOGING SOURCE
Transcribing agency
100 1# - MAIN ENTRY--PERSONAL NAME
Personal name Smith, C. Henry.
245 10 - TITLE STATEMENT
Title Mennonites in history.
260 ## - PUBLICATION, DISTRIBUTION, ETC. (IMPRINT)
Place of publication, distribution, etc Scottdale, PA., :
Name of publisher, distributor, etc Mennonite Book And Tract Society
Date of publication, distribution, etc 1907
300 ## - PHYSICAL DESCRIPTION
Extent 41 p. ;
Dimensions 19 cm.
650 ## - SUBJECT ADDED ENTRY--TOPICAL TERM
Topical term or geographic name as entry element Mennonites
General subdivision History
942 ## - ADDED ENTRY ELEMENTS (KOHA)
Source of classification or shelving scheme
Koha item type Books
Copies
Date last seen Koha item type Full call number Permanent Location Price effective from Copy number Shelving location Not for loan Withdrawn status Lost status Barcode Source of classification or shelving scheme Date acquired Damaged status
2010-04-14BooksBX 8115 .S6RHEMA Bible Training College2010-04-141General Stacks   11803 2010-04-14